Every Country to win a Winter Olympic Medal: Bobsleigh - Statistics

General Stats
  • This quiz has been taken 27 times
  • The average score is 24 of 30
Answer Stats
Sport # of Medals Country % Correct
Bobsleigh 5 Great Britain
100%
Skeleton 9 Great Britain
100%
Bobsleigh 28 USA
100%
Skeleton 8 USA
100%
Bobsleigh 11 Canada
92%
Skeleton 4 Canada
92%
Bobsleigh 32 Germany
92%
Skeleton 6 Germany
92%
Bobsleigh 2 Russia
92%
Skeleton 3 Russia
92%
Bobsleigh 31 Switzerland
92%
Skeleton 3 Switzerland
92%
Bobsleigh 3 Austria
84%
Skeleton 1 Austria
84%
Bobsleigh 1 France
84%
Bobsleigh 12 Italy
84%
Skeleton 1 Italy
84%
Bobsleigh 3 Soviet Union
84%
Skeleton 1 China
72%
Bobsleigh 13 East Germany
72%
Bobsleigh 3 Latvia
72%
Skeleton 2 Latvia
72%
Bobsleigh 1 South Korea
72%
Skeleton 1 South Korea
72%
Skeleton 1 Netherlands
68%
Bobsleigh 2 Belgium
64%
Bobsleigh 6 West Germany
60%
Skeleton 1 Australia
56%
Bobsleigh 1 Romania
40%
Skeleton 1 Olympic Athletes from Russia
0%
No matching quizzes found
Score Distribution
Percent of People with Each Score
Percentile by Number Answered
Your Score History
You have not taken this quiz